[Event "Cheliabinsk Frolov Memorial"]
[Site "Cheliabinsk"]
[Date "2009.05.??"]
[Round "2"]
[White "Tangatarov, Timur"]
[Black "Kholopov, Alexander A"]
[Result "1/2-1/2"]
[WhiteElo "2127"]
[BlackElo "2280"]
[PlyCount "59"]
[EventDate "2009.05.25"]
[EventType "swiss"]
[EventRounds "9"]
[EventCountry "RUS"]
[SourceTitle "EXT 2022"]
[Source "ChessBase"]
[SourceDate "2021.10.06"]
[SourceVersion "1"]
[SourceVersionDate "2021.10.06"]
[SourceQuality "1"]

1. e4 d6 2. d4 g6 3. Nc3 Bg7 4. Be3 a6 5. Qd2 b5 6. 0-0-0 Nd7 7. f3 Bb7 8. g4 c5 9. h4 h5 10. gxh5 Rxh5 11. Nce2 cxd4 12. Bxd4 Bxd4 13. Qxd4 Qb6 14. Ng3 Qxd4 15. Rxd4 Rh6 16. h5 gxh5 17. Rxh5 Rxh5 18. Nxh5 Ngf6 19. Nxf6+ Nxf6 20. a4 Bc6 21. axb5 axb5 22. Kb1 Nd7 23. Rb4 Ra5 24. Ne2 Ne5 25. Nd4 Bd7 26. c4 Ra4 27. Rxa4 bxa4 28. Kc2 Kd8 29. Kc3 Kc7 30. Kb4 1/2-1/2

[Event "Cheliabinsk Frolov Memorial"]
[Site "Cheliabinsk"]
[Date "2009.05.??"]
[Round "8"]
[White "Tangatarov, Timur"]
[Black "Zorin, Yuri"]
[Result "1-0"]
[WhiteElo "2127"]
[BlackElo "1847"]
[PlyCount "40"]
[EventDate "2009.05.25"]
[EventType "swiss"]
[EventRounds "9"]
[EventCountry "RUS"]
[SourceTitle "EXT 2022"]
[Source "ChessBase"]
[SourceDate "2021.10.06"]
[SourceVersion "1"]
[SourceVersionDate "2021.10.06"]
[SourceQuality "1"]

1. e4 e5 2. Nf3 f5 3. Nxe5 Qf6 4. Nc4 fxe4 5. Nc3 Qf7 6. Ne3 Nf6 7. d3 Bb4 8. Bd2 0-0 9. dxe4 Bxc3 10. Bxc3 d6 11. Bc4 Be6 12. Bxe6 Qxe6 13. f3 Nbd7 14. 0-0 Rad8 15. Qd4 Nb6 16. a4 c5 17. Qd3 d5 18. exd5 Nbxd5 19. Rfe1 Nxc3 20. Qxc3 b6 1-0

[Event "RUS-ch U16"]
[Site "Dagomys"]
[Date "2009.04.23"]
[Round "9"]
[White "Tangatarov, Timur"]
[Black "Smagin, Nikita"]
[Result "1-0"]
[WhiteElo "2127"]
[BlackElo "2043"]
[PlyCount "53"]
[EventDate "2009.04.15"]
[EventType "swiss"]
[EventRounds "9"]
[EventCountry "RUS"]
[SourceTitle "CBM 130 Extra"]
[Source "ChessBase"]
[SourceDate "2009.07.02"]
[SourceVersion "2"]
[SourceVersionDate "2009.07.15"]
[SourceQuality "1"]

1. e4 d6 2. d4 g6 3. Nc3 Nf6 4. Be3 Bg7 5. f3 Nc6 6. Qd2 0-0 7. 0-0-0 a6 8. Bh6 b5 9. h4 e5 10. d5 Nd4 11. Nce2 Nxe2+ 12. Nxe2 Rb8 13. h5 Qe7 14. Ng3 Rd8 15. Bd3 Bd7 16. Rdf1 c5 17. Bg5 c4 18. Be2 Rdc8 19. f4 h6 20. hxg6 hxg5 21. gxf7+ Qxf7 22. fxg5 Qg6 23. gxf6 Bxf6 24. Rh6 Qxg3 25. Rfxf6 Be8 26. Rf5 c3 27. bxc3 1-0

[Event "RUS-ch U16"]
[Site "Dagomys"]
[Date "2009.04.21"]
[Round "7"]
[White "Tangatarov, Timur"]
[Black "Bochkov, Artem"]
[Result "1/2-1/2"]
[WhiteElo "2127"]
[BlackElo "2003"]
[PlyCount "88"]
[EventDate "2009.04.15"]
[EventType "swiss"]
[EventRounds "9"]
[EventCountry "RUS"]
[SourceTitle "CBM 130 Extra"]
[Source "ChessBase"]
[SourceDate "2009.07.02"]
[SourceVersion "2"]
[SourceVersionDate "2009.07.15"]
[SourceQuality "1"]

1. e4 c5 2. Nf3 d6 3. d4 cxd4 4. Nxd4 Nf6 5. Nc3 a6 6. Bg5 Nbd7 7. Bc4 Qb6 8. Bb3 e6 9. Qd2 Be7 10. 0-0-0 Nc5 11. f3 Bd7 12. Be3 h5 13. Rhe1 0-0-0 14. Bg1 Qc7 15. f4 g5 16. fxg5 Ng4 17. Nf3 Rhg8 18. h3 Ne5 19. Be3 Bc6 20. Bf4 b5 21. a3 Ned3+ 22. Kb1 Nxe1 23. Qxe1 Qb7 24. e5 Bxf3 25. gxf3 Qxf3 26. exd6 Bxg5 27. Bxg5 Rxg5 28. Qh4 Qg3 29. Qd4 Qe5 30. Qd2 Rg3 31. a4 Qe3 32. Qh2 Nxb3 33. cxb3 b4 34. Na2 Rxd6 35. Qc2+ Kd7 36. Nxb4 Rxd1+ 37. Qxd1+ Ke8 38. Ka2 Qb6 39. Qc2 Kd7 40. Qd2+ Qd6 41. Qf2 Rxh3 42. Qxf7+ Qe7 43. Qf1 Rg3 44. Nxa6 Rg6 1/2-1/2